Normal view MARC view
  • Lt Col DS Shahid Chaudry

Entry Personal Name

Number of records used in: 1

001 - CONTROL NUMBER

  • control field: 47848

003 - CONTROL NUMBER IDENTIFIER

  • control field: NUST

005 - DATE AND TIME OF LATEST TRANSACTION

  • control field: 20210314133922.0

008 - FIXED-LENGTH DATA ELEMENTS

  • fixed length control field: 210314|| aca||aabn | a|a d

040 ## - CATALOGING SOURCE

  • Original cataloging agency: NUST
  • Transcribing agency: NUST

100 ## - HEADING--PERSONAL NAME

  • Personal name: Lt Col DS Shahid Chaudry

670 ## - SOURCE DATA FOUND

  • Source citation: Work cat.: (NUST): GC Hammad (LDR) 47847, Computerization of Engineering Planning Data, 18.4.00
© 2023 Central Library, National University of Sciences and Technology. All Rights Reserved.